000 00821nam a2200229Ia 4500
001 15534
003 GE_BSU
008 181216s||||||||xx |||||||||||||| ||und||
040 _cGE_BSU
080 _a821.161.1-31
100 _aაჟაევი,ვასილ
245 _aმოსკოვიდან დაშორებით
245 _bრომანი
245 _cრეედ.ი.წულუკიძე.მხატვ.ვ.გიორგობიანი. მთარგმნ. პოლიო აბრამია
260 _aთბილისი
260 _bსახელგამი
260 _c1952
300 _a890გვ.1ფ.პორტრ.21სმ.
653 _aმოსკოვიდან დაშორებით
653 _aრომანი
942 _cBK
999 _c48634
_d48634